00409nam a22001454a 450000500170000002000260001703700170004308200120006010000190007224500480009126000380013927000220017730000310019950000330023020100913121344.0 a9781405355230c899.00 bPansy Books 00a796.352 aNewell, Steve 10aThe complete golf manual /cby Steve Newell bDorling Kindersleyc2010aLondon  a80 StrandbLondon a352p. bphotos c25cm(Hb)  aIncludes glossary and index